000 01024nam a22002657a 4500
003 DO-SdBNP
005 20250205124809.0
007 ta
008 221007b2020 dr a|||| |||| 00| 0 spa d
020 _a9789945926712
040 _aDO-SdBNP
_bspa
_cBNPHU
049 _aBNPD
082 4 _bL925r
_222
100 1 _aLozano, Wilfredo
_d1950-
_97126
245 1 3 _aEl reformismo dependiente :
_bpolítica, economía y sociedad en el gobierno de los doce años de Joaquín Balaguer, 1966-1978 /
_cWilfredo Lozano.
250 _a2a ed.
260 _aSanto Domingo :
_bFundación Friedrich Ebert Stiftung;
_bInstitutto de Investigación Social para el Desarrollo;
_bFacultad Latinoamericana de Ciencias Sociales,
_c2020.
300 _a485 p. ;
_bil. ;
_c23 cm.
500 _aIncluye datos biográficos del autor en las solapas
500 _aIncluye referencias bibliográficas y notas al pie de las páginas
504 _aBibliografía : p. 417-441
590 _aInventariado, 2022/BT
910 _aBtavárez
942 _2ddc
_cLBS1
999 _c52531
_d52531